|
|
|
|
| LEADER |
00000nab a2200000 a 4500 |
| 001 |
vtls000832496 |
| 003 |
SK-MaSNL |
| 005 |
20260303210215.0 |
| 008 |
180206c xo 0 slo |
| 015 |
|
|
|a SNBRB2003/04-12447
|
| 035 |
|
|
|a CLN000184151
|
| 040 |
|
|
|a SNKBUCL
|b slo
|c SNKBUCL
|e AACR2
|
| 041 |
0 |
|
|a slo
|
| 044 |
|
|
|a xo
|c SK
|
| 080 |
|
|
|a 342.2(437.6)(048)
|2 UDC-MRF-SK2
|
| 100 |
1 |
|
|a Komora, Viliam,
|d 1970-
|4 aut
|9 168080
|
| 245 |
1 |
0 |
|a Pre orientáciu a prehľadnosť v slovenskej ústave
|c Viliam Komora ml.
|
| 650 |
0 |
7 |
|a ústavné právo
|2 SNKPH
|9 2256
|
| 655 |
|
7 |
|a články z novín a časopisov
|2 SNK
|9 267496
|
| 655 |
|
7 |
|a recenzie
|2 SNKPH
|9 21907
|
| 773 |
0 |
|
|x 0862-8823
|t Slovenské národné noviny
|g Roč. 14(18), č. 5 (2003), s. 2
|
| 787 |
0 |
8 |
|i Rec.:
|a Chovanec, Jaroslav, 1935-
|t Malý slovník ústavného práva
|d Bratislava : Procom, 2002
|
| 850 |
|
|
|a Slovenská národná knižnica v Martine
|
| 852 |
|
|
|a SNK
|b KIS3GCP
|
| 958 |
|
|
|a RBX
|
| 999 |
|
|
|c 2199261
|d 2201191
|